000 00442nam a22001697a 4500
008 150521b xxu||||| |||| 00| 0 eng d
020 _a0538972556
041 0 _aeng
080 _a657
100 1 _aRoss, Gilbertson Lehman;
245 1 0 _aSouth - Western Accounting /
_cGilbertson Lehman Ross.
260 _aUSA:
_bThomson;
_c2006.
300 _a718 f.:
_bme il.;
_c26 cm.
650 0 _aLlogaritje
650 0 _aKontabilitet
942 _2udc
_cBK
999 _c884
_d884